Transferencia embrionaria, consentimiento informado y viabilidad de la técnica : (Registro nro. 6225)
[ vista simple ]
| 000 -LEADER | |
|---|---|
| fixed length control field | 01272nab a22002417a 4500 |
| 003 - CONTROL NUMBER IDENTIFIER | |
| control field | OSt |
| 005 - DATE AND TIME OF LATEST TRANSACTION | |
| control field | 20260126015057.0 |
| 008 - FIXED-LENGTH DATA ELEMENTS--GENERAL INFORMATION | |
| fixed length control field | 190514b xxu||||| |||| 00| 0 spa d |
| 040 ## - CATALOGING SOURCE | |
| Transcribing agency | PJ |
| 100 ## - MAIN ENTRY--PERSONAL NAME | |
| 9 (RLIN) | 4341 |
| Personal name | Mignon, María Belén |
| 245 10 - TITLE STATEMENT | |
| Title | Transferencia embrionaria, consentimiento informado y viabilidad de la técnica : |
| Remainder of title | un caso donde la lógica se invierte / |
| Statement of responsibility, etc | María Belén Mignon. |
| 300 ## - PHYSICAL DESCRIPTION | |
| Extent | p. 226-231 |
| 500 ## - GENERAL NOTE | |
| General note | Cita: TR LALEY AR/DOC/2115/2024. |
| 505 ## - FORMATTED CONTENTS NOTE | |
| Formatted contents note | Sumario: I. Introducción.— II. Plataforma fáctica. Los hechos.— III. La decisión del Tribunal rosarino.— IV. Las técnicas de reproducción humana asistida y nuestro sistema jurídico legal.— V. Reflexiones finales. |
| 505 ## - FORMATTED CONTENTS NOTE | |
| Title | Fallo comentado: TColeg. Familia Nro. 4, Rosario ~ 11/03/2024 ~ G., L. R. y M., R., M., M., s/ venias y dispensas. |
| 650 #0 - SUBJECT ADDED ENTRY--TOPICAL TERM | |
| 9 (RLIN) | 967 |
| Topical term or geographic name as entry element | DERECHO DE FAMILIA |
| 650 #0 - SUBJECT ADDED ENTRY--TOPICAL TERM | |
| 9 (RLIN) | 4292 |
| Topical term or geographic name as entry element | TÉCNICAS DE REPRODUCCIÓN HUMANA ASISTIDA |
| 650 #0 - SUBJECT ADDED ENTRY--TOPICAL TERM | |
| 9 (RLIN) | 6744 |
| Topical term or geographic name as entry element | CRIOPRESERVACIÓN DE EMBRIONES |
| 650 #0 - SUBJECT ADDED ENTRY--TOPICAL TERM | |
| 9 (RLIN) | 4273 |
| Topical term or geographic name as entry element | CONSENTIMIENTO INFORMADO |
| 650 #0 - SUBJECT ADDED ENTRY--TOPICAL TERM | |
| 9 (RLIN) | 1057 |
| Topical term or geographic name as entry element | JURISPRUDENCIA APLICABLE |
| 773 0# - HOST ITEM ENTRY | |
| Host Biblionumber | 2844 |
| Host Itemnumber | 3222 |
| Place, publisher, and date of publication | Buenos Aires : AbeledoPerrot, 1989- |
| Title | Derecho de familia. Revista Interdisciplinaria de doctrina y jurisprudencia. Octubre 2024-V. |
| International Standard Book Number | 18511201 |
| 942 ## - ADDED ENTRY ELEMENTS (KOHA) | |
| Source of classification or shelving scheme | |
| Koha item type | Analítica Artículo de Revista |
No hay ítems disponibles.
